MARC details
| 000 -LEADER |
| campo de control de longitud fija |
01205nam a22002297a 4500 |
| 003 - IDENTIFICADOR DE NÚMERO DE CONTROL |
| campo de control |
OSt |
| 005 - FECHA Y HORA DE LA ÚLTIMA TRANSACCIÓN |
| campo de control |
20230202133610.0 |
| 008 - DATOS DE LONGITUD FIJA--INFORMACIÓN GENERAL |
| campo de control de longitud fija |
221006b |||||||| |||| 00| 0 eng d |
| 020 ## - NÚMERO INTERNACIONAL ESTÁNDAR DEL LIBRO |
| Número Internacional Estándar del Libro |
978 9968 589 15 4 |
| 040 ## - FUENTE DE CATALOGACIÓN |
| Centro/agencia transcriptor |
Biblioteca Lado V |
| 082 ## - NÚMERO DE LA CLASIFICACIÓN DECIMAL DEWEY |
| Número de clasificación |
704.942.8 |
| Número de ítem |
G9347d |
| 100 ## - ENTRADA PRINCIPAL--NOMBRE DE PERSONA |
| Término indicativo de función/relación |
autor |
| 245 ## - MENCIÓN DEL TÍTULO |
| Título |
Detrás del portón rojo/ |
| Resto del título |
Una visión de la erotica en el arte costarricense/ |
| 250 ## - MENCION DE EDICION |
| Mención de edición |
1 edicion |
| 260 ## - PUBLICACIÓN, DISTRIBUCIÓN, ETC. |
| Lugar de publicación, distribución, etc. |
Costa Rica |
| Nombre del editor, distribuidor, etc. |
Museo de Arte Costarricense |
| Fecha de publicación, distribución, etc. |
2019 |
| 300 ## - DESCRIPCIÓN FÍSICA |
| Dimensiones |
28x22cm |
| Extensión |
150p. |
| 505 ## - NOTA DE CONTENIDO CON FORMATO |
| Título |
Prologo |
| -- |
Detrás del portón rojo |
| -- |
Cronicas del Deseo |
| -- |
El portón quedo abierto y Eros salió a jugar |
| -- |
Las cicatrices del fallo moral |
| -- |
Voluptuosidades de la tierra |
| -- |
El jardín de los frutos exquisitos |
| -- |
Lo divino...aspecto fascinante de lo prohibido |
| -- |
Resplandores de lo torcido |
| -- |
Orillas del goce y de lo inquietante |
| -- |
Erotica en el espacio publico oficial |
| -- |
Documentos Anexos |
| -- |
Salas |
| -- |
Agradecimientos |
| -- |
Créditos Institucionales |
| 650 #0 - PUNTO DE ACCESO ADICIONAL DE MATERIA--TÉRMINO DE MATERIA |
| Fuente del encabezamiento o término |
Tesauro de Arte & Arquitectura |
| Término de materia o nombre geográfico como elemento de entrada |
ARTE EROTICO |
| 9 (RLIN) |
702 |
| 650 ## - PUNTO DE ACCESO ADICIONAL DE MATERIA--TÉRMINO DE MATERIA |
| Fuente del encabezamiento o término |
Tesauro de Arte & Arquitectura |
| Término de materia o nombre geográfico como elemento de entrada |
EXPOSICIONES |
| 9 (RLIN) |
702 |
| 650 ## - PUNTO DE ACCESO ADICIONAL DE MATERIA--TÉRMINO DE MATERIA |
| Fuente del encabezamiento o término |
Tesauro de Arte & Arquitectura |
| Término de materia o nombre geográfico como elemento de entrada |
COSTA RICA |
| 9 (RLIN) |
702 |
| 942 ## - ELEMENTOS DE ENTRADA SECUNDARIOS (KOHA) |
| Fuente del sistema de clasificación o colocación |
Clasificación Decimal Dewey |
| Tipo de ítem Koha |
Libros |
| Parte de la signatura que corresponde a la clasificación (Parte de la clasificación) |
704.942.8 |
| Parte de la signatura que identifica el ejemplar (Parte del ítem) |
G9347d |
| Suprimir en OPAC |
No |